000
00267nam a22001217a 4500
082
_a
AUS
100
_a
Auslander david M
245
_a
introducing systems and control
250
_a
3rd ed
260
_a
New York
_b
McGraw hill
_c
1974
300
_a
514.60
942
_c
BK
999
_c
11898
_d
11898